000 00600nam a2200193Ia 4500
003 GCL
008 140319s9999 xx 000 0 ara d
020 _a4167286977
040 _aGCL /
_cGCL
082 0 4 _a210.92
_bم ع
100 1 _aمحمد الباز
245 1 0 _aعمرو خالد من النجومية الى المنفى /
_cمحمد الباز
260 _aالقاهرة :
_bمدبولى الصغير ،
_c2003
300 _a167 ص ؛
_c24 سم
650 0 4 _aالعلماء المسلمون
650 0 4 _aالاسلام - تراجم
650 0 4 _aعمرو خالد
942 _2ddc
_cBK
999 _c5591
_d5591